000 00869nam a2200265Ia 4500
003 OSt
005 20220925164522.0
006 a|||||r|||| 00| 0
007 ta
008 220923b |||||||| |||| 00| 0 eng d
020 _a9788179928733
_c212.5
037 _b132, 26/08/2008, PIONEER BOOK DISTRIBUTORS
_cGeneral Book
040 _aRTL
_cRTL
_beng
041 _2eng
_aeng
082 _aX:8 0a 77, P8
100 _aArmstrong Michael
_920630
245 0 _aPerformance management and development
260 _aAhmedabad
_bJaico Pub House
_c2008
300 _aviii, 182p
_ccm.
500 _aBibliography: P. 171-76; Appendix: 150-69
650 _aCommerce
700 _a Baron Angela
_9230448
942 _hX:8 0a 77, P8
_cGB
_2CC
999 _c475336
_d475336